000
00205nam a22000857a 4500
999
_c
23732
_d
23732
005
20250212120605.0
008
250212b ||||| |||| 00| 0 eng d
040
_c
sk
245
_a
Pletieme na rukách a na prstoch